000 00353 a2200169 4500
001 160183
020 _a85-08-04563-8
040 _cMagnum
100 _aAbramovich, Fanny
240 1 0 _aCruzando caminhos
_lpor
245 1 0 _aCruzando caminhos
300 _a86
362 0 _a1994
440 1 _aÁtica
697 _aLITERATURA JUVENIL
942 _cBK
999 _c160183
_d160183